Provincie Vlaams-Brabant - Trivia - Statistieken

Algemene statistieken
  • Deze quiz is 681 keer genomen
  • De gemiddelde score is 13 van 20
Antwoordstatistieken
Omschrijving Antwoord % Correct
Aangrenzende provincies Antwerpen
95%
Gewest volledig omsloten door deze provincie {Brussels} Gewest
94%
Aangrenzende provincies Limburg
92%
Aangrenzende provincies Luik
90%
Aangrenzende provincies Oost-Vlaanderen
90%
Hoofdstad Leuven
89%
Aangrenzende provincies Waals-Brabant
89%
Aangrenzende provincies Henegouwen
84%
Gemeente waar Brussels Airport ligt Zaventem
84%
Europese autosnelweg dwars door de provincie E40
67%
Club in de Jupiler Pro League OHL
63%
Bekend bedevaartsoord Scherpenheuvel
53%
Vierde stad Tienen
52%
Belangrijkste rivier Dijle
47%
Tweede stad Vilvoorde
45%
Vijfde stad Aarschot
44%
Derde stad Halle
41%
Grootste evenementenhal {Brabant}hal
36%
Deze mondt, nabij Mechelen, uit in de Rupel
24%
Andere naam voor Oost-Brabant Hageland
19%
Geen overeenkomende quizzen gevonden
Scoreverdeling
Procent van Mensen met Elke Score
Percentiel versus Aantal Correcte Antwoorden
Uw Scoregeschiedenis
U heeft deze quiz nog niet genomen